00527 2200193 4500001002100000005001700021035002400038040001200062082001400074084002000088100001700108245009700125260002800222300002600250650002500276850001200301990001000313990001000323YOGYA00000000007937820160815155359.0 0010-081400000079095 aYOPDYOG a181.09922 a181.09922 Mul K aNiels Mulder aKebatinan dan Hidup Sehari-hari Orang Jawa Kelangsungan dan Perubahan KultirilcNiels Mulder aJakartabgramediac1984 axxiv. 159 hlm.b20 cm aKebatinan orang Jawa aYOPDYOG a356-P a147-P